| 000 | 00945nmc a2200349 a 4500 | ||
|---|---|---|---|
| 003 | AR-BaBNM | ||
| 005 | 20251128203047.0 | ||
| 008 | 197119s1992 ||||||||||||||000 | spa|| | ||
| 040 | _cAR-BaBNM | ||
| 100 | 1 | _aSanta Cruz, Inés | |
| 245 | 1 | 0 |
_aAmérica _bLugar de encuentro y desencuentro de utopías |
| 260 |
_aBuenos Aires _bCentro de estudios latinoamericanos _c1992 |
||
| 300 | 0 | _a46 p. | |
| 490 | 0 | _aEnsayos breves | |
| 600 | 1 | 4 |
_aMoro, Tomás _d1478-1535 |
| 600 | 1 | 4 | _aDarwin, Charles |
| 600 | 1 | 4 | _aFreud, Sigmund |
| 600 | 1 | 4 | _aNietzsche, Friedrich |
| 600 | 1 | 4 | _aToynbee, Arnold Joseph |
| 650 | 4 | _aHUMANISMO | |
| 650 | 4 | _aRENACIMIENTO | |
| 650 | 4 | _aREFORMA RELIGIOSA | |
| 650 | 4 | _aSIGLO DIECIOCHO | |
| 650 | 4 | _aSIGLO DIECINUEVE | |
| 650 | 4 | _aUTOPIA | |
| 651 | 4 | _aEspaña | |
| 651 | 4 | _aAmérica | |
| 700 | 1 | _aMartino, Adriana Beatriz | |
| 800 | 1 |
_aAzcuy, Eduardo A. _edirector |
|
| 942 | _cBK | ||
| 998 | _cmariana | ||
| 999 |
_c1710 _d1710 |
||